| 000 | 00763na a2200253 4500 | ||
|---|---|---|---|
| 001 | 16709 | ||
| 003 | MIRAKIL | ||
| 005 | 20181213154813.0 | ||
| 008 | 161013b tu 000 0 | ||
| 020 | _a9757811556 | ||
| 040 |
_aMilas _btur _cTR-AnCHP |
||
| 041 | _atur | ||
| 082 |
_a956.101543 _bİ71ç 2006 |
||
| 090 | _a956.101543 İ71ç 2006 | ||
| 100 | _aİşçi, Rifat | ||
| 245 |
_aÇanakkale geçilmez _bŞu mert ve kahraman Türkler _cRifat İşçi |
||
| 246 | _aŞu mert ve kahraman Türkler | ||
| 260 |
_aİzmit _bUlusal Tarih Kültür Arşiv Yayınları _c2006 |
||
| 300 |
_a296 s. _bfotg. ; hrt. _c27 sm. |
||
| 500 | _aYapıt yazarından imzalıdır. | ||
| 504 | _aKaynakça var. | ||
| 650 |
_aÇanakkale Savaşları _xTarih |
||
| 942 |
_2ddc _cBKS |
||
| 999 |
_c1131 _d1131 |
||